000 01125nam a22002657a 4500
003 OSt
005 20250403101836.0
008 240910b ||||| |||| 00| 0 eng d
040 _c0
082 _aDPer 621.317 Ie21 December 2022 v.37 n. 12 part 1&2.
100 _aXu, Zigao.
_eauthor.
_960542
245 _aHigh-frequency resonance suppression based on unified mmc high-frequency impedance model /
_cZigao Xu, Binbin Li, Xiongfie Wang, Frede Blaagbjerg, and Disnguo Xu.
260 _aNew York ;
_bThe Institute of Electrical and Electronics Engineers, Inc.,
_cDecember 2022.
300 _avolume 37, pages 14755-14769,
_billustration.
500 _aIEEE Transactions on Power Electronics, v. 37 n. 12, pages 14755-14769, December 2022.
650 0 _aDamper.
_966134
650 0 _ahigh-frequency resonance (HFR).
_966135
650 0 _aunified impedance model.
_966136
700 _aXu, Zigao.
_eauthor.
_960542
700 _a Li, Binbin.
_eauthor.
_960543
700 _aWang, Xiongfie.
_eauthor.
_960544
700 _aBlaagbjerg, Frede.
_eauthor.
_960545
700 _aXu, Dianguo.
_eauthor.
_960546
942 _2ddc
_cPER
999 _c21448
_d21448